000 00917nam a22002417a 4500
999 _c144908
_d144908
005 20230301113736.0
010 _a1718EN-30 ENG-122750 B-682330-331 ENG-136060
020 _a9788182749412
_c995.00
035 _aEN-106281
035 _aB-682330-331
035 _aEN-119592
037 _bPragati
_adpl
037 _bDBAD/PUB
082 _a327.59
100 _aBhattacharya, Subhadeep
245 _aUnderstanding south China sea geopolitics /
_cby Subhadeep Bhattacharya
260 _aNew Delhi
_bPentagon Press
_c2017
270 _a206, Peacock Lane, Shahpur Jat
_bNew Delhi
_e110049
300 v _axix,300p.
_c23cm(Hb)
500 _aIncludes bibliographical references and index
942 _2ddc
_cEN
_mBHA
_h327.59